الشامل في طرق تدريس الأطفال / (رقم التسجيلة. 27127)

تفاصيل مارك
000 -الفاتح
حقل البيانات ثابتة الطول 00688nam a22002057a 4500
003 - محدد رقم الضبط
رقم الضبط OSt
005 - وقت وتاريخ اخر تعامل مع التسجيلة
رقم الضبط 20150408114112.0
008 - عناصر البيانات ثابتة الطول - معلومات عامة
حقل البيانات ثابتة الطول 130128s2013 jo ||||g b 00| 0 ara d
040 ## - مصدر الفهرسة
وكالة الفهرسة الأصلية MU
لغة الفهرسة ara
082 04 - رقم تصنيف ديوى العشرى
رقم الطبعة 21
رقم التصنيف 372.13
رقم المادة ع م ش
100 1# - المدخل الرئيسى - إسم شخصى
الإسم الشخصى عبد الله، محمد محمود
9 (RLIN) 13887
245 12 - بيان العنوان
العنوان الشامل في طرق تدريس الأطفال /
بيان المسئوليه,etc محمد بن محمد العبد الله.
250 ## - بيان الطبعة
بيان الطبعة ط. 1.
260 ## - PUBLICATION, DISTRIBUTION, ETC. (IMPRINT)
مكان الناشر او الموزع عمان، الأردن :
اسم الناشر او الموزع دار المناهج،
تاريخ النشر أو التوزيع 2013.
300 ## - الوصف المادى
التعداد 228 ص. ؛
أبعاد الوعاء 24 سم.
504 ## - تبصرة ببليوجرافية
تبصرة ببليوجرافية,الخ ببليوجرافية : ص. 227.
650 #4 - المدخل الاضافى بالموضوع-مصطلح موضوعى
مصطلح موضوعي أو اسم جغرافي كعنصر مدخل تعليم الأطفال.
9 (RLIN) 12721
650 #4 - المدخل الاضافى بالموضوع-مصطلح موضوعى
مصطلح موضوعي أو اسم جغرافي كعنصر مدخل طرق التدريس.
942 ## - عناصر المدخل الإضافي( كوها)
مصدر التصنيف او مخطط الترفيف Dewey Decimal Classification
Koha [default] item type DVD
المقتنيات
حالة الفقد نموذج السعر الفعال حالة تلف ليس للاعارة رقم الطلب رقم النسخة تاريخ الاكتساب الموقع الحالي الباركود الفرع الرئيسي Date last seen نوع المادة فى نظام كوها مصدر التصنيف او خطة الترفيف Total Checkouts Date last checked out
  2013-03-10     372.13 ع م ش ن 1 2013-01-28 المكتبة المركزية بالمجمعة (CL) 00107029 المكتبة المركزية بالمجمعة (CL) 2013-03-10 كتاب Dewey Decimal Classification    
  2013-03-10     372.13 ع م ش ن 2 2013-01-28 المكتبة المركزية بالمجمعة (CL) 00107030 المكتبة المركزية بالمجمعة (CL) 2013-03-10 كتاب Dewey Decimal Classification    
  2013-03-10     372.13 ع م ش ن 3 2013-01-28 المكتبة المركزية بالمجمعة (CL) 00107031 المكتبة المركزية بالمجمعة (CL) 2013-03-10 كتاب Dewey Decimal Classification    
  2013-03-10     372.13 ع م ش ن 1 2013-01-28 مكتبة كلية العلوم و الدراسات الإنسانية برماح - طالبات (SRF) 00107034 مكتبة كلية العلوم و الدراسات الإنسانية برماح - طالبات (SRF) 2018-01-07 كتاب Dewey Decimal Classification 1 2016-04-12
  2013-03-10     372.13 ع م ش ن 2 2013-01-28 مكتبة كلية العلوم و الدراسات الإنسانية برماح - طالبات (SRF) 00107035 مكتبة كلية العلوم و الدراسات الإنسانية برماح - طالبات (SRF) 2013-03-10 كتاب Dewey Decimal Classification    
  2013-03-10     372.13 ع م ش ن 1 2013-01-28 مكتبة كلية العلوم و الدراسات الإنسانية برماح - طلاب (SRM) 00107036 مكتبة كلية العلوم و الدراسات الإنسانية برماح - طلاب (SRM) 2013-03-10 كتاب Dewey Decimal Classification    
  2013-03-10     372.13 ع م ش ن 2 2013-01-28 مكتبة كلية العلوم و الدراسات الإنسانية برماح - طلاب (SRM) 00107037 مكتبة كلية العلوم و الدراسات الإنسانية برماح - طلاب (SRM) 2013-03-10 كتاب Dewey Decimal Classification    
  2013-03-10     372.13 ع م ش ن 1 2013-01-28 مكتبة مجمع الكليات بالزلفى - طلاب (SZM) 00107032 مكتبة مجمع الكليات بالزلفى - طلاب (SZM) 2013-03-10 كتاب Dewey Decimal Classification    
  2013-03-10     372.13 ع م ش ن 2 2013-01-28 مكتبة مجمع الكليات بالزلفى - طلاب (SZM) 00107033 مكتبة مجمع الكليات بالزلفى - طلاب (SZM) 2013-03-10 كتاب Dewey Decimal Classification